Early Christianity : (Record no. 10797)
[ view plain ]
| 000 -LEADER | |
|---|---|
| fixed length control field | 01136cam a2200325 a 4500 |
| 001 - CONTROL NUMBER | |
| control field | 4474956 |
| 005 - DATE AND TIME OF LATEST TRANSACTION | |
| control field | 20100301233249.0 |
| 008 - FIXED-LENGTH DATA ELEMENTS--GENERAL INFORMATION | |
| fixed length control field | 910221s1991 enkb b 011 0 eng |
| 010 ## - LIBRARY OF CONGRESS CONTROL NUMBER | |
| LC control number | 91012730 |
| 020 ## - INTERNATIONAL STANDARD BOOK NUMBER | |
| International Standard Book Number | 0281044767 : |
| 035 ## - SYSTEM CONTROL NUMBER | |
| System control number | (OCoLC)83448785 |
| 035 ## - SYSTEM CONTROL NUMBER | |
| System control number | (OCoLC)ocm83448785 |
| 035 ## - SYSTEM CONTROL NUMBER | |
| System control number | (NNC)4474956 |
| 040 ## - CATALOGING SOURCE | |
| Original cataloging agency | DLC |
| Transcribing agency | DLC |
| Modifying agency | PPT |
| -- | NNUT |
| 050 00 - LIBRARY OF CONGRESS CALL NUMBER | |
| Classification number | BR162.2 |
| Item number | .E37 1991 |
| 090 ## - LOCALLY ASSIGNED LC-TYPE CALL NUMBER (OCLC); LOCAL CALL NUMBER (OCLC) | |
| Classification number (OCLC) (R) ; Classification number, CALL (RLIN) (NR) | BR162.2 |
| Local cutter number (OCLC) ; Book number/undivided call number, CALL (RLIN) | .E37 1991 |
| 600 10 - SUBJECT ADDED ENTRY--PERSONAL NAME | |
| Personal name | Frend, W. H. C. |
| 245 00 - TITLE STATEMENT | |
| Title | Early Christianity : |
| Remainder of title | origins and evolution to AD 600 : in honour of W.H.C. Frend / |
| Statement of responsibility, etc | edited by Ian Hazlett. |
| 260 ## - PUBLICATION, DISTRIBUTION, ETC. (IMPRINT) | |
| Place of publication, distribution, etc | London : |
| Name of publisher, distributor, etc | SPCK, |
| Date of publication, distribution, etc | 1991. |
| 300 ## - PHYSICAL DESCRIPTION | |
| Extent | xvi, 324, [11] p. : |
| Other physical details | map ; |
| Dimensions | 22 cm. |
| 500 ## - GENERAL NOTE | |
| General note | Glossary: p. 312-316. |
| 500 ## - GENERAL NOTE | |
| General note | Includes indexes. |
| 504 ## - BIBLIOGRAPHY, ETC. NOTE | |
| Bibliography, etc | Bibliography: p. 323-324. |
| 650 #0 - SUBJECT ADDED ENTRY--TOPICAL TERM | |
| Topical term or geographic name as entry element | Church history |
| Chronological subdivision | Primitive and early church, ca. 30-600. |
| 700 1# - ADDED ENTRY--PERSONAL NAME | |
| Personal name | Frend, W. H. C. |
| 700 1# - ADDED ENTRY--PERSONAL NAME | |
| Personal name | Hazlett, Ian, |
| Dates associated with a name | 1944- |
| 942 ## - ADDED ENTRY ELEMENTS (KOHA) | |
| Source of classification or shelving scheme | Library of Congress Classification |
| Item type | Book |
| Withdrawn status | Lost status | Source of classification or shelving scheme | Damaged status | Not for loan | Collection code | Home library | Current library | Shelving location | Date acquired | Source of acquisition | Total Checkouts | Total Renewals | Full call number | Barcode | Date last seen | Date last borrowed | Copy number | Price effective from | Koha item type |
|---|---|---|---|---|---|---|---|---|---|---|---|---|---|---|---|---|---|---|---|
| Library of Congress Classification | Non-fiction | Bishop Okullu Memorial Library (Limuru Campus) | Bishop Okullu Memorial Library (Limuru Campus) | General Circulation | 09/04/2010 | Purchase | 30 | 1 | BR162.2 .E37 1991 | 017384 | 09/10/2025 | 24/09/2025 | 1 | 08/04/2010 | Book |